Rozširovanie ES/EÚ diplomová práca

Salvato in:
Dettagli Bibliografici
Autore principale: Šindlerová, Kristína
Ente Autore: Fakulta medzinárodných vzťahov EU. Katedra medzinárodných ekonomických vzťahov a hospodárskej diplomacie
Altri autori: Lipková, Beata
Natura: Libro
Lingua:slovacco
Pubblicazione: Bratislava 2008
Tags: Aggiungi Tag
Nessun Tag, puoi essere il primo ad aggiungerne!!

MARC

LEADER 00000nam$a2200000$$$4500
001 0087507
005 20240201120307.0
041 0 |a slo 
044 |a SK 
245 1 0 |a Rozširovanie ES/EÚ  |b diplomová práca  |c Kristína Šindlerová ; škol. Beáta Lipková 
264 1 |a Bratislava  |c 2008 
300 |a 71 s. 
100 1 |a Šindlerová, Kristína 
700 1 |a Lipková, Beata 
710 2 |a Fakulta medzinárodných vzťahov EU. Katedra medzinárodných ekonomických vzťahov a hospodárskej diplomacie